| 000 | 00395nam a22001697a 4500 | ||
|---|---|---|---|
| 003 | OSt | ||
| 005 | 20240406113835.0 | ||
| 008 | 180625b xxu||||| |||| 00| 0 eng d | ||
| 020 | _a 978-9351529866 | ||
| 040 | _cIIMT UNIVERSITY | ||
| 100 | _aSESHAYYAN,SUDHA | ||
| 245 | _aTEXT BOOK OF ANATOMY VOL-3 | ||
| 250 | _a6 | ||
| 260 |
_aNEW DELHI _bJAYPEE _c2016 |
||
| 300 | _a377 | ||
| 942 |
_2ddc _c06 |
||
| 999 |
_c44232 _d44232 |
||